000
00349nam a2200157Ia 4500
005
20250423095135.0
008
250422s9999 xx 000 0 und d
020
_a
9780194309226
050
_a
PE 1471 .S28/
245
0
_a
Effective academic writing 1
260
_a
Texas
260
_b
Oxford
260
_c
2007
300
_a
152 p
942
_c
BK
999
_c
29362
_d
29362